Statistiques concernant Billie eilish

Cliquez ici pour prendre le quiz!

Statistiques générales

  • Ce quiz a été pris 465 fois
  • Le résultat moyen est 6 sur 10

Statistiques - réponses

QuestionRéponse% Correct
Quel est son nom de famille ?O'Connell
93%
Combien à t'elle de frère et sœur ?un frère
93%
Quel est le nom de son premier albumWhen We All Fall Asleep, Where Do We Go?
85%
En quel année est-elle née ?2001
71%
Quel est l'instrument le moins utilisé dans ces chansons ?violon
62%
Combien d'albums et d'EPs a-t-elle sorti ?3
59%
Combien -t-elle d'abonnés sur Instagram ?103 Millions
42%
Quel est la principale idée que défend Billie EIlish ?Le droit des femmes
40%
Quel Récompense des Grammy Awards n'a-t-elle jamais remporté ?Meilleure performance pop solo
27%
Quel était le nom de son premier groupe ?The Slightlys
19%

Distribution des résultats

Percentile par nombre de réponses

% des personnes avec chaque résultat

Votre développement - résultats

Vous n’avez pas pris ce quiz